[Event "Regionalliga SW 1617"]
[Site "Bayern"]
[Date "2017.03.19"]
[Round "7.3"]
[White "Seiler, Sascha"]
[Black "Stadler, Andreas"]
[Result "1-0"]
[WhiteElo "2046"]
[BlackElo "1962"]
[PlyCount "69"]
[EventDate "2016.10.16"]
[EventType "team-tourn"]
[EventRounds "9"]
[EventCountry "GER"]
[SourceTitle "EXT 2019"]
[Source "ChessBase"]
[SourceDate "2018.10.10"]
[SourceVersion "1"]
[SourceVersionDate "2018.10.10"]
[SourceQuality "1"]
[WhiteTeam "Mering"]
[BlackTeam "Muenchen Suedost II"]
[WhiteTeamCountry "GER"]
[BlackTeamCountry "GER"]

1. Nf3 Nf6 2. d4 g6 3. c4 Bg7 4. Nc3 0-0 5. e4 d6 6. Be2 Nbd7 7. 0-0 e5 8. d5 h6 9. Ne1 Nc5 10. Bf3 a5 11. Be3 Na6 12. Nd3 b6 13. g3 Bh3 14. Bg2 Qd7 15. f3 Kh7 16. a3 Bxg2 17. Kxg2 Nc5 18. b3 Ng8 19. Nf2 f5 20. b4 Nb7 21. Nd3 Qe7 22. c5 dxc5 23. bxc5 Nxc5 24. Nxc5 bxc5 25. Na4 Rfb8 26. Rc1 c4 27. Bc5 Qd7 28. Rxc4 Rb5 29. Qc2 Rab8 30. Bf2 Rb3 31. Nc5 Qb5 32. Nxb3 Qxb3 33. Qxb3 Rxb3 34. Rxc7 Rxa3 35. Rd1 1-0

[Event "Regionalliga SW 1617"]
[Site "Bayern"]
[Date "2017.01.15"]
[Round "4.4"]
[White "Seiler, Sascha"]
[Black "Lutz, Albert"]
[Result "1/2-1/2"]
[WhiteElo "2046"]
[BlackElo "2003"]
[PlyCount "89"]
[EventDate "2016.10.16"]
[EventType "team-tourn"]
[EventRounds "9"]
[EventCountry "GER"]
[SourceTitle "EXT 2019"]
[Source "ChessBase"]
[SourceDate "2018.10.10"]
[SourceVersion "1"]
[SourceVersionDate "2018.10.10"]
[SourceQuality "1"]
[WhiteTeam "Mering"]
[BlackTeam "Krumbach"]
[WhiteTeamCountry "GER"]
[BlackTeamCountry "GER"]

1. Nf3 d5 2. c4 c6 3. d4 Nf6 4. Nc3 e6 5. e3 Nbd7 6. Qc2 Bd6 7. g4 h6 8. Bd2 Qe7 9. Rg1 e5 10. cxd5 Nxd5 11. Nxd5 cxd5 12. Rg2 e4 13. Ng1 Nf6 14. Be2 Bd7 15. Qb3 0-0 16. g5 hxg5 17. Rxg5 Rfc8 18. Bh5 Rc6 19. Ne2 Rb6 20. Qc2 Rc8 21. Bc3 Rbc6 22. Qb3 b5 23. a3 Rc4 24. Kd2 Kf8 25. Rag1 g6 26. Bxg6 fxg6 27. Rxg6 Be8 28. Rh6 Qe6 29. h4 Qf5 30. Qd1 Bh5 31. Rg5 Qf3 32. Rxf6+ Qxf6 33. Rxh5 a5 34. Bxa5 Rc2+ 35. Qxc2 Rxc2+ 36. Kxc2 Qf3 37. Nf4 Qxf2+ 38. Bd2 Bxf4 39. Rf5+ Ke7 40. Rxf4 Qe2 41. Kc1 Qc4+ 42. Kb1 Qd3+ 43. Kc1 Qc4+ 44. Kb1 Qd3+ 45. Ka1 1/2-1/2

[Event "Regionalliga SW 1415"]
[Site "Bayern"]
[Date "2015.02.22"]
[Round "7.5"]
[White "Heer, Stephan"]
[Black "Seiler, Sascha"]
[Result "1/2-1/2"]
[WhiteElo "2007"]
[BlackElo "2036"]
[PlyCount "90"]
[EventDate "2014.10.19"]
[EventType "team-tourn"]
[EventRounds "9"]
[EventCountry "GER"]
[SourceTitle "EXT 2018"]
[Source "ChessBase"]
[SourceDate "2017.10.13"]
[SourceVersion "1"]
[SourceVersionDate "2017.10.13"]
[SourceQuality "1"]
[WhiteTeam "Haar"]
[BlackTeam "Mering"]
[WhiteTeamCountry "GER"]
[BlackTeamCountry "GER"]

1. Nf3 Nf6 2. g3 b6 3. Bg2 Bb7 4. 0-0 c5 5. d3 d5 6. Nbd2 g6 7. c3 Bg7 8. e4 dxe4 9. dxe4 Nxe4 10. Ng5 Nxc3 11. bxc3 Bxg2 12. Kxg2 Qd5+ 13. Qf3 Qxf3+ 14. Ngxf3 Bxc3 15. Rb1 Nc6 16. Ne4 Bg7 17. Bb2 0-0 18. Bxg7 Kxg7 19. Rfc1 Rfd8 20. h4 Rd5 21. Nc3 Rd3 22. h5 Rad8 23. hxg6 hxg6 24. Ne4 Ra3 25. Rb2 Nb4 26. Rc3 Ra4 27. Rc4 Ra3 28. Rc3 Rxc3 29. Nxc3 Rd3 30. Nb1 Rd1 31. a3 Nc6 32. Nfd2 Nd4 33. Nc3 Rc1 34. Ndb1 Kf8 35. a4 Nc6 36. Kf3 Ke8 37. Ke3 Na5 38. Kd3 Kd7 39. Nd2 Kc6 40. Nc4 Nxc4 41. Kxc4 a6 42. Kd3 e6 43. Kd2 Rf1 44. Ke2 Rc1 45. Kd2 Rf1 1/2-1/2

[Event "Regionalliga SW 1415"]
[Site "Bayern"]
[Date "2014.10.19"]
[Round "1.5"]
[White "Seiler, Sascha"]
[Black "Wolf, Armin"]
[Result "1-0"]
[WhiteElo "2036"]
[BlackElo "2089"]
[PlyCount "73"]
[EventDate "2014.10.19"]
[EventType "team-tourn"]
[EventRounds "9"]
[EventCountry "GER"]
[SourceTitle "EXT 2018"]
[Source "ChessBase"]
[SourceDate "2017.10.13"]
[SourceVersion "1"]
[SourceVersionDate "2017.10.13"]
[SourceQuality "1"]
[WhiteTeam "Mering"]
[BlackTeam "Haunstetten"]
[WhiteTeamCountry "GER"]
[BlackTeamCountry "GER"]

1. Nf3 g6 2. d4 Bg7 3. c4 d6 4. Nc3 Bg4 5. e3 c5 6. Be2 cxd4 7. Nxd4 Bxe2 8. Ncxe2 Nc6 9. Bd2 Nf6 10. 0-0 0-0 11. Qb3 Ne4 12. Be1 Qd7 13. Qc2 Nc5 14. Bc3 Ne5 15. b3 Rfc8 16. Rfd1 a6 17. a4 b6 18. Nf4 Qb7 19. f3 Rab8 20. Qb2 e6 21. Rd2 Qe7 22. Rad1 Qg5 23. Kh1 Nxc4 24. bxc4 Nxa4 25. Qb3 Nxc3 26. Qxc3 e5 27. Nde6 fxe6 28. Nxe6 Qe7 29. Rxd6 Bf6 30. Qd3 Qf7 31. Qd5 Re8 32. Kg1 Rb7 33. Qc6 Rbb8 34. Nc7 Red8 35. Nd5 Be7 36. Nxe7+ Qxe7 37. Qd5+ 1-0

[Event "Regionalliga SW 1314"]
[Site "Bayern"]
[Date "2014.02.23"]
[Round "7.5"]
[White "Seiler, Sascha"]
[Black "Heigermoser, Robert"]
[Result "1/2-1/2"]
[WhiteElo "2009"]
[BlackElo "2086"]
[PlyCount "92"]
[EventDate "2013.10.13"]
[EventType "team-tourn"]
[EventRounds "9"]
[EventCountry "GER"]
[SourceTitle "EXT 2015"]
[Source "ChessBase"]
[SourceDate "2014.11.20"]
[SourceVersion "1"]
[SourceVersionDate "2014.11.20"]
[SourceQuality "1"]
[WhiteTeam "Mering"]
[BlackTeam "MSA Zugzwang II"]
[WhiteTeamCountry "GER"]
[BlackTeamCountry "GER"]

1. Nf3 Nf6 2. c4 g6 3. Nc3 Bg7 4. e4 d6 5. d4 0-0 6. Be2 e5 7. 0-0 Na6 8. Rb1 exd4 9. Nxd4 Nc5 10. Bf3 Re8 11. Re1 a5 12. b3 Nfd7 13. Be3 c6 14. a3 Ne5 15. Be2 Qh4 16. g3 Qh3 17. Bf1 Qg4 18. Be2 Qh3 19. Bf1 Qg4 20. h3 Qxd1 21. Rexd1 a4 22. b4 Nb3 23. Kg2 Nxd4 24. Bxd4 Be6 25. f4 Nxc4 26. Bxc4 Bxc4 27. Bxg7 Kxg7 28. Rxd6 b5 29. Kf2 Rac8 30. Rc1 c5 31. bxc5 Rxc5 32. Nxb5 Rxe4 33. Nd4 Rc8 34. f5 g5 35. Kf3 Rxd4 36. Rxd4 Bd5+ 37. Rxd5 Rxc1 38. Rd3 h5 39. g4 h4 40. Ke4 Kf6 41. Rd6+ Kg7 42. Rd4 Rh1 43. Rd3 Kf6 44. Rc3 Re1+ 45. Kd4 Rd1+ 46. Ke4 Re1+ 1/2-1/2

[Event "Regionalliga SW 1314"]
[Site "Bayern"]
[Date "2013.11.10"]
[Round "2.6"]
[White "Closhen, Ingo"]
[Black "Seiler, Sascha"]
[Result "0-1"]
[WhiteElo "1916"]
[BlackElo "2009"]
[PlyCount "66"]
[EventDate "2013.10.13"]
[EventType "team-tourn"]
[EventRounds "9"]
[EventCountry "GER"]
[SourceTitle "EXT 2015"]
[Source "ChessBase"]
[SourceDate "2014.11.20"]
[SourceVersion "1"]
[SourceVersionDate "2014.11.20"]
[SourceQuality "1"]
[WhiteTeam "Sendling"]
[BlackTeam "Mering"]
[WhiteTeamCountry "GER"]
[BlackTeamCountry "GER"]

1. e4 c5 2. Nf3 e6 3. d4 cxd4 4. Nxd4 a6 5. c4 d6 6. Be2 Nf6 7. Nc3 Be7 8. Be3 0-0 9. Qd2 Qc7 10. 0-0 b6 11. f3 Bb7 12. Rfc1 Nbd7 13. Qe1 Rac8 14. Qf2 Qb8 15. Bf1 Qa8 16. a3 g6 17. b4 d5 18. exd5 exd5 19. Bh6 dxc4 20. Bxf8 Bxf8 21. Re1 Nd5 22. Ne4 N5f6 23. Nxf6+ Nxf6 24. Rac1 Bd5 25. Nc2 b5 26. Rcd1 Qb7 27. Re5 Bd6 28. Re2 Bb8 29. Red2 Ba7 30. Nd4 c3 31. Rd3 Rc4 32. Qh4 c2 33. Qxf6 cxd1Q 0-1

[Event "GER-chT U20"]
[Site "Kelheim"]
[Date "2007.12.29"]
[Round "6.3"]
[White "Seiler, Sascha"]
[Black "Suess, Stefan"]
[Result "1-0"]
[WhiteElo "1998"]
[BlackElo "1881"]
[PlyCount "113"]
[EventDate "2007.12.27"]
[EventType "team-swiss"]
[EventRounds "7"]
[EventCountry "GER"]
[SourceTitle "EXT 2022"]
[Source "ChessBase"]
[SourceDate "2021.10.06"]
[SourceVersion "1"]
[SourceVersionDate "2021.10.06"]
[SourceQuality "1"]
[WhiteTeam "Heilbronn U20"]
[BlackTeam "Grossenseebach U20"]
[WhiteTeamCountry "GER"]
[BlackTeamCountry "GER"]

1. Nf3 Nf6 2. d4 d5 3. c4 g6 4. g3 Bg7 5. Bg2 0-0 6. 0-0 c6 7. Nbd2 Bg4 8. Ne5 Be6 9. cxd5 cxd5 10. Qb3 Nc6 11. Nxc6 bxc6 12. Qa3 Qd6 13. Qa5 Rfb8 14. Nb3 Rb5 15. Bf4 Qd8 16. Qxd8+ Rxd8 17. Rfc1 Bd7 18. Rc5 Rxc5 19. Nxc5 Be8 20. Bc7 Rc8 21. Be5 Nd7 22. Bxg7 Kxg7 23. Nd3 e6 24. Rc1 Kf6 25. Kf1 e5 26. dxe5+ Nxe5 27. Bxd5 Rb8 28. Bb3 Nxd3 29. exd3 Bd7 30. Rc2 Re8 31. Re2 Rd8 32. Re3 Bf5 33. Ke2 Rd4 34. Kd2 c5 35. Kc3 Be6 36. f4 Bf5 37. Bc4 Rd8 38. Re5 Rc8 39. a4 h5 40. h4 Rc7 41. a5 Rc8 42. b3 Rc7 43. Bd5 Bh3 44. Kc4 Bf1 45. Be4 Bh3 46. Rxc5 Be6+ 47. Bd5 Bxd5+ 48. Kxd5 Re7 49. Kd4 Re2 50. Re5 Rg2 51. Re3 Rc2 52. Kd5 Kf5 53. b4 f6 54. d4 g5 55. fxg5 fxg5 56. hxg5 Kxg5 57. Ke6 1-0

[Event "GER-chT U20"]
[Site "Kelheim"]
[Date "2007.12.28"]
[Round "4.3"]
[White "Krutwig, Longlong"]
[Black "Seiler, Sascha"]
[Result "1-0"]
[WhiteElo "2023"]
[BlackElo "1998"]
[PlyCount "140"]
[EventDate "2007.12.27"]
[EventType "team-swiss"]
[EventRounds "7"]
[EventCountry "GER"]
[SourceTitle "EXT 2022"]
[Source "ChessBase"]
[SourceDate "2021.10.06"]
[SourceVersion "1"]
[SourceVersionDate "2021.10.06"]
[SourceQuality "1"]
[WhiteTeam "Koeln Muelheim U20"]
[BlackTeam "Heilbronn U20"]
[WhiteTeamCountry "GER"]
[BlackTeamCountry "GER"]

1. d4 Nf6 2. Nf3 g6 3. Bf4 Bg7 4. c3 0-0 5. Nbd2 d5 6. h3 c5 7. e3 b6 8. Be2 Bb7 9. 0-0 Nc6 10. Ne5 Nxe5 11. Bxe5 Nd7 12. Bxg7 Kxg7 13. Bf3 e5 14. Qb3 e4 15. Be2 c4 16. Qa3 f5 17. b3 b5 18. bxc4 bxc4 19. Rab1 Bc6 20. Qa6 Rf6 21. Rb4 g5 22. Rfb1 Kg6 23. Nf1 h5 24. Ng3 h4 25. Nf1 Rd6 26. Bd1 Nb6 27. Nd2 Qc7 28. Qa5 Rf8 29. Qc5 Rdf6 30. R4b2 f4 31. Nf1 Nd7 32. Qa3 Nb6 33. Qa5 f3 34. Nh2 Bd7 35. Qc5 Qd8 36. Rd2 Be6 37. a4 Qd7 38. a5 Nc8 39. Rdb2 Bxh3 40. Ba4 Qe6 41. Rb7 fxg2 42. Bd7 Rxf2 43. Qxf8 Rxf8 44. Bxe6 Bxe6 45. Kxg2 g4 46. Rf1 Rg8 47. Rf4 Kg5 48. Rh7 h3+ 49. Kg3 Kg6 50. Rc7 Nd6 51. Nxg4 Kh5 52. Rh7+ Kg5 53. Rxh3 Nf5+ 54. Kf2 Rb8 55. Kg1 Nxe3 56. Nxe3 Kxf4 57. Ng2+ Kg4 58. Rh6 Kg3 59. Ne3 Kf3 60. Nf1 Re8 61. Rf6+ Ke2 62. Ng3+ Kd3 63. Nh5 Kxc3 64. Kf2 e3+ 65. Ke1 Bg4 66. Ng3 Rb8 67. Ne2+ Kd3 68. Nc1+ Kxd4 69. Rf4+ Kc3 70. Rxg4 d4 1-0

[Event "GER-chT U20"]
[Site "Kelbra"]
[Date "2006.12.27"]
[Round "2.1"]
[White "Mijatovic, Vladimir"]
[Black "Seiler, Sascha"]
[Result "1-0"]
[WhiteElo "2185"]
[BlackElo "2080"]
[PlyCount "81"]
[EventDate "2006.12.27"]
[EventType "team-swiss"]
[EventRounds "7"]
[EventCountry "GER"]
[SourceTitle "EXT 2008"]
[Source "ChessBase"]
[SourceDate "2007.11.25"]
[SourceVersion "1"]
[SourceVersionDate "2007.11.25"]
[SourceQuality "1"]
[WhiteTeam "Wolfbusch U20"]
[BlackTeam "Heilbronn U20"]
[WhiteTeamCountry "GER"]
[BlackTeamCountry "GER"]

1. e4 c5 2. Nf3 d6 3. d4 cxd4 4. Nxd4 Nf6 5. Nc3 a6 6. Be3 e6 7. f3 b5 8. Qd2 b4 9. Na4 Nbd7 10. g4 Nc5 11. Nxc5 dxc5 12. Nb3 Qc7 13. 0-0-0 Be7 14. Bxc5 Bxc5 15. Nxc5 0-0 16. Qd6 Qa7 17. Kb1 a5 18. Bb5 Rb8 19. Ba4 Rb6 20. Qe5 Qb8 21. Qxb8 Rxb8 22. Rd6 Ne8 23. Rd8 Nc7 24. Rhd1 e5 25. Kc1 Ne6 26. Nxe6 Bxe6 27. Rxb8 Rxb8 28. Bb3 Bxb3 29. axb3 f6 30. Rd7 h5 31. gxh5 Kh7 32. Ra7 Rb5 33. Kd2 Kh6 34. Kd3 Rc5 35. c3 Rb5 36. Kc4 Rb8 37. Rxa5 Kg5 38. Ra7 Rg8 39. Kd3 Kf4 40. Ke2 g5 41. Rf7 1-0

[Event "GER-chT U20"]
[Site "Berlin"]
[Date "2005.12.28"]
[Round "3.1"]
[White "Hilverda, Alexander"]
[Black "Seiler, Sascha"]
[Result "1-0"]
[WhiteElo "2156"]
[BlackElo "2043"]
[PlyCount "93"]
[EventDate "2005.12.27"]
[EventType "team-swiss"]
[EventRounds "7"]
[EventCountry "GER"]
[SourceTitle "EXT 2022"]
[Source "ChessBase"]
[SourceDate "2021.10.06"]
[SourceVersion "1"]
[SourceVersionDate "2021.10.06"]
[SourceQuality "1"]
[WhiteTeam "Heep U20"]
[BlackTeam "Heilbronn U20"]
[WhiteTeamCountry "GER"]
[BlackTeamCountry "GER"]

1. e4 c5 2. Nf3 d6 3. d4 cxd4 4. Nxd4 Nf6 5. Nc3 a6 6. f4 e5 7. Nf3 Nbd7 8. a4 b6 9. Bc4 Be7 10. Bxf7+ Kxf7 11. Ng5+ Kg8 12. Qd3 b5 13. axb5 Nc5 14. Qc4+ d5 15. exd5 axb5 16. Nxb5 Rxa1 17. d6+ Be6 18. Nxe6 Nxe6 19. Qxe6+ Kf8 20. 0-0 Qd7 21. dxe7+ Qxe7 22. Qxe7+ Kxe7 23. fxe5 Ne4 24. Bg5+ Nxg5 25. Rxa1 Ke6 26. Re1 Rb8 27. c4 Kd7 28. Rd1+ Kc6 29. b4 Ne4 30. Nd4+ Kb7 31. Nf5 Kc6 32. Rd4 Nc3 33. Rd6+ Kc7 34. b5 Rf8 35. g4 h5 36. h3 Ne2+ 37. Kf2 Nf4 38. Kg3 g5 39. Nd4 h4+ 40. Kh2 Re8 41. Rc6+ Kb7 42. e6 Rd8 43. e7 Rxd4 44. e8Q Rd2+ 45. Kg1 Ne2+ 46. Kf1 Ng3+ 47. Ke1 1-0

[Event "Wuertemberg-ch U18"]
[Site "Germany"]
[Date "2004.04.17"]
[Round "7"]
[White "Seiler, Sascha"]
[Black "Haeussler, Daniel"]
[Result "1-0"]
[WhiteElo "1892"]
[BlackElo "1502"]
[PlyCount "41"]
[EventDate "2004.04.??"]
[EventType "swiss"]
[EventRounds "7"]
[EventCountry "GER"]
[SourceTitle "EXT 2005"]
[Source "ChessBase"]
[SourceDate "2004.11.15"]
[SourceVersion "1"]
[SourceVersionDate "2004.11.15"]
[SourceQuality "1"]

1. d4 Nf6 2. Nf3 e6 3. c4 d5 4. Nc3 c5 5. e3 Nc6 6. a3 a5 7. cxd5 Nxd5 8. Bb5 Nxc3 9. bxc3 Bd7 10. 0-0 Be7 11. e4 Qc7 12. Qe2 0-0 13. Be3 b6 14. Rfd1 Rad8 15. a4 f5 16. exf5 exf5 17. dxc5 Bxc5 18. Bxc5 bxc5 19. Qc4+ Kh8 20. Qxc5 f4 21. Rxd7 1-0

[Event "GER-chT U16"]
[Site "Greifswald"]
[Date "2003.12.27"]
[Round "2.1"]
[White "Willert, Christof"]
[Black "Seiler, Sascha"]
[Result "0-1"]
[WhiteElo "1536"]
[BlackElo "1877"]
[PlyCount "36"]
[EventDate "2003.12.27"]
[EventType "team-swiss"]
[EventRounds "7"]
[EventCountry "GER"]
[SourceTitle "EXT 2022"]
[Source "ChessBase"]
[SourceDate "2021.10.06"]
[SourceVersion "1"]
[SourceVersionDate "2021.10.06"]
[SourceQuality "1"]
[WhiteTeam "Gryps SV U16"]
[BlackTeam "Heilbronn U16"]
[WhiteTeamCountry "GER"]
[BlackTeamCountry "GER"]

1. d4 Nf6 2. c4 g6 3. Nc3 Bg7 4. e4 d6 5. f3 0-0 6. Be3 Nbd7 7. Qd2 c5 8. d5 a6 9. g4 Ne5 10. 0-0-0 Bd7 11. h3 b5 12. b3 bxc4 13. bxc4 Rb8 14. f4 Qa5 15. Nb1 Rxb1+ 16. Kxb1 Rb8+ 17. Ka1 Nxe4 18. Qxa5 Nd3+ 0-1

[Event "Wuerttemberg-ch U16"]
[Site "Stuttgart"]
[Date "2003.04.24"]
[Round "5"]
[White "Seiler, Sascha"]
[Black "Mijatovic, Vladimir"]
[Result "0-1"]
[WhiteElo "1615"]
[BlackElo "2089"]
[PlyCount "46"]
[EventDate "2003.04.??"]
[EventType "swiss"]
[EventRounds "7"]
[EventCountry "GER"]
[SourceTitle "EXT 2005"]
[Source "ChessBase"]
[SourceDate "2004.11.15"]
[SourceVersion "1"]
[SourceVersionDate "2004.11.15"]
[SourceQuality "1"]

1. Nf3 f5 2. g3 Nf6 3. Bg2 g6 4. d4 Bg7 5. c4 0-0 6. Nc3 d6 7. 0-0 Qe8 8. Qc2 e5 9. d5 Na6 10. e3 h6 11. Rb1 g5 12. b4 Qh5 13. Ba3 f4 14. exf4 exf4 15. Rfe1 Ng4 16. b5 Nc5 17. Bxc5 dxc5 18. Rbd1 fxg3 19. fxg3 Bd4+ 20. Rxd4 cxd4 21. Ne4 Ne3 22. Qd3 Nxg2 23. Kxg2 Bh3+ 0-1

[Event "Wuerttemberg-ch U16"]
[Site "Stuttgart"]
[Date "2003.04.23"]
[Round "2"]
[White "Skorzinski, Frederik"]
[Black "Seiler, Sascha"]
[Result "0-1"]
[WhiteElo "1482"]
[BlackElo "1615"]
[PlyCount "78"]
[EventDate "2003.04.??"]
[EventType "swiss"]
[EventRounds "7"]
[EventCountry "GER"]
[SourceTitle "EXT 2005"]
[Source "ChessBase"]
[SourceDate "2004.11.15"]
[SourceVersion "1"]
[SourceVersionDate "2004.11.15"]
[SourceQuality "1"]

1. e4 c5 2. Nc3 e6 3. g3 Nc6 4. Bg2 g6 5. Nge2 Bg7 6. 0-0 Nge7 7. d3 0-0 8. Bf4 d6 9. Qd2 Nd4 10. Nxd4 cxd4 11. Nb5 e5 12. Bh6 a6 13. Bxg7 Kxg7 14. Na3 Be6 15. f4 Rb8 16. Qf2 f6 17. fxe5 dxe5 18. Nc4 Rc8 19. b3 b5 20. Nb2 Rc7 21. a4 Qc8 22. Rfc1 Bxb3 23. axb5 axb5 24. Bh3 Be6 25. Bxe6 Qxe6 26. Ra5 f5 27. Rf1 Qc8 28. Rxb5 Rxc2 29. Qe1 fxe4 30. Rxf8 Kxf8 31. Qxe4 Rxb2 32. Rxb2 Qc1+ 33. Kg2 Qxb2+ 34. Kh3 Qf2 35. Qa8+ Kf7 36. Qh8 Qf1+ 37. Kg4 h5+ 38. Kg5 Qf5+ 39. Kh6 Ng8+ 0-1

[Event "BEM-ch U14"]
[Site "Tamm"]
[Date "2000.01.29"]
[Round "2"]
[White "Knoerzer, Michael"]
[Black "Seiler, Sascha"]
[Result "1-0"]
[WhiteElo "1832"]
[BlackElo "1167"]
[PlyCount "63"]
[EventDate "2000.01.22"]
[EventType "swiss"]
[EventRounds "5"]
[EventCountry "GER"]
[SourceTitle "EXT 2003"]
[Source "ChessBase"]
[SourceDate "2002.11.25"]
[SourceVersion "1"]
[SourceVersionDate "2002.11.25"]
[SourceQuality "1"]

1. Nf3 d5 2. b3 Nf6 3. Bb2 e6 4. e3 c5 5. Be2 Nc6 6. d4 cxd4 7. exd4 Bd6 8. Nbd2 0-0 9. 0-0 Re8 10. Re1 Qc7 11. h3 e5 12. dxe5 Nxe5 13. Bb5 Nfd7 14. Nxe5 Bxe5 15. f4 Qc5+ 16. Kh1 Qxb5 17. fxe5 Re6 18. Nf3 Nb6 19. Nd4 Qb4 20. Nxe6 Bxe6 21. Qd4 Qe7 22. a4 Qg5 23. Qe3 Qh4 24. a5 Nd7 25. Ba3 a6 26. Bd6 g5 27. Ra4 Qh5 28. Kg1 Qg6 29. Rb4 h5 30. Be7 g4 31. hxg4 Bxg4 32. Qg5 1-0